| 000 | 03425cam a2200373 i 4500 | ||
|---|---|---|---|
| 001 | 9821554 | ||
| 003 | CaAEU | ||
| 005 | 20260128122449.0 | ||
| 008 | 210626t20212021nyu b 001 0 eng | ||
| 010 | _a 2021024506 | ||
| 020 |
_a9780593423066 _q(hardcover) |
||
| 035 | _aon1252762785 | ||
| 037 |
_bPenguin Group USA, Attn: Order Processing 405 Murray Hill Pkwy, East Rutherford, NJ, USA, 07073-2136 _nSAN 201-3975 |
||
| 039 | _aexclude | ||
| 040 |
_aLBSOR/DLC _beng _erda _cDLC _dOCLCO _dOCLCF _dTOH _dOCO _dYDX _dJTH _dYUS _dCLU _dOCLCQ _dKYC _dJPL _dAEVC |
||
| 041 | _aEN | ||
| 042 | _apcc | ||
| 043 | _an-us--- | ||
| 050 | 0 | 0 |
_aE185.86 _b.M4273 2021 |
| 100 |
_aMcWhorter, John H., _eauthor. _926699 |
||
| 245 | 1 | 0 |
_aWoke racism _b: how a new religion has betrayed Black America _c/ John McWhorter. |
| 264 | 1 |
_aNew York, NY : _bPortfolio/Penguin, an imprint of Penguin Random House LLC, _c[2021] |
|
| 264 | 4 | _c©2021 | |
| 300 |
_axv, 201 pages ; _c24 cm |
||
| 500 | _aPlace of publication from publisher's Web site. | ||
| 504 | _aIncludes bibliographical references and index. | ||
| 505 | 0 | _aWhat kind of people? — The new religion — What attracts people to this religion? — What's wrong with it being a religion? : it hurts Black people — Beyond "dismantling structures" : saving Black America for real — How do we work around them? | |
| 520 |
_a"Acclaimed linguist and award-winning writer John McWhorter argues that an illiberal neoracism, disguised as antiracism, is hurting Black communities and weakening the American social fabric. Americans of good will on both the left and the right are secretly asking themselves the same question: how has the conversation on race in America gone so crazy? We're told read books and listen to music by people of color but that wearing certain clothes is "appropriation." We hear that being white automatically gives you privilege and that being Black makes you a victim. We want to speak up but fear we'll be seen as unwoke, or worse, labeled a racist. According to John McWhorter, the problem is that a well-meaning but pernicious form of antiracism has become, not a progressive ideology, but a religion--and one that's illogical, unreachable, and unintentionally neoracist. In Woke Racism, McWhorter reveals the workings of this new religion, from the original sin of "white privilege" and the weaponization of cancel culture to ban heretics, to the evangelical fervor of the "woke mob." He shows how this religion that claims to "dismantle racist structures" is actually harming his fellow Black Americans by infantilizing Black people, setting Black students up for failure, and passing policies that disproportionately damage Black communities. The new religion might be called "antiracism," but it features a racial essentialism that's barely distinguishable from racist arguments of the past. Fortunately for Black America, and for all of us, it's not too late to push back against woke racism. McWhorter shares scripts and encouragement with those trying to deprogram friends and family. And most importantly, he offers a roadmap to justice that actually will help, not hurt, Black America"-- _cProvided by publisher |
||
| 650 | 0 |
_aAfrican Americans _xSocial conditions _y1975- _926700 |
|
| 650 | 0 |
_aAnti-racism _zUnited States. |
|
| 650 | 0 |
_aRace discrimination _zUnited States. |
|
| 650 | 0 |
_aWhites _xAttitudes _zUnited States. _926702 |
|
| 942 | _2lcc | ||
| 999 |
_c5313 _d5313 |
||